000 nam a22 a 4500
999 _c161416
_d161416
003 BLK
005 20201028101614.0
008 180410b bul|||||r ||||||| ||bul||
010 _aKNG00168730000
040 _aBLK
041 _aFRE
_cBUL
080 _aИкономическа наука. Основни понятия на икономическата теория. Стойност. Капитал. Фондове
_b330.1
_z330.1
100 1 _aStanley Jevons, William
_eпърви автор
_9335169
139 _aStanley Jevons, William
_bS 81
245 1 0 _aL'Economie politique
_cWilliam Stanley Jevons; прев. Henri Gravez.
250 _a5. ed.
257 _aFRA
260 _bFelix Alcan
_c[1878]
_aParis
300 _a189, 2 с.
_c14 см
380 _a3
490 _9435080
_aКолекция Редки и ценни издания
650 4 _aПолитическа икономия - теория
_9320400
653 _aполитическа икономия
653 _aикономика
700 1 _aGravez, Henri
_eпрев.
_911648
852 _aРф 878
_bРц
856 4 _qpdf
942 _cKNG
_n0
_s1
944 _aCR
_c12.12.2014
_kНаталия_Медовщикова
944 _aED
_c12.12.2014
_kНаталия_Медовщикова
999 _d161416